ბათუმის შოთა რუსთაველის სახელმწიფო უნივერსიტეტის ბიბლიოთეკა

Japan's financial crisis : (ბიბ.ჩანაწერი № 63970)

000 -LEADER
fixed length control field 00900nam a22002297a 4500
003 - CONTROL NUMBER IDENTIFIER
control field Ge_BSU
005 - DATE AND TIME OF LATEST TRANSACTION
control field 20260227164358.0
008 - FIXED-LENGTH DATA ELEMENTS--GENERAL INFORMATION
fixed length control field 260227s2004 enk||||| |||| 00| 0 geo d
020 ## - INTERNATIONAL STANDARD BOOK NUMBER
International Standard Book Number 9780691128689x
041 ## - LANGUAGE CODE
Language code of text/sound track or separate title eng
080 ## - UNIVERSAL DECIMAL CLASSIFICATION NUMBER
Universal Decimal Classification number 336.71(520) A-46
100 ## - MAIN ENTRY--PERSONAL NAME
Personal name Amyx, Jennifer A.
9 (RLIN) 27021
245 ## - TITLE STATEMENT
Title Japan's financial crisis :
Remainder of title institutional regidity and reluctant change /
Statement of responsibility, etc. Jennifer A. Amyx.
264 ## - PRODUCTION, PUBLICATION, DISTRIBUTION, MANUFACTURE, AND COPYRIGHT NOTICE
Place of production, publication, distribution, manufacture Princeton:
Name of producer, publisher, distributor, manufacturer Princeton Univ. press,
Date of production, publication, distribution, manufacture, or copyright notice 2004.
300 ## - PHYSICAL DESCRIPTION
Extent 365 p. ;
Other physical details 23 cm.
504 ## - BIBLIOGRAPHY, ETC. NOTE
Bibliography, etc. note Bibliogr.: p. 341-359.
653 ## - INDEX TERM--UNCONTROLLED
keyword იაპონიის ფინანსები
653 ## - INDEX TERM--UNCONTROLLED
keyword იაპონიის საფინანსო პოლიტიკა.
653 ## - INDEX TERM--UNCONTROLLED
keyword ფინანსური კრიზისი იაპონიაში.
653 ## - INDEX TERM--UNCONTROLLED
keyword საბანკო საქმე იაპონიაში
942 ## - ADDED ENTRY ELEMENTS (KOHA)
Source of classification or shelving scheme
Koha item type წიგნი
ეგზემპლარები
Withdrawn status Lost status Source of classification or shelving scheme Damaged status Not for loan Permanent Location Current Location Shelving location Date acquired Cost, normal purchase price Full call number Barcode Date last seen Copy number Uniform Resource Identifier Price effective from Koha item type Public note
          ბათუმის შოთა რუსთაველის სახელმწიფო უნივერსიტეტის მთავარი ბიბლიოთეკა ბათუმის შოთა რუსთაველის სახელმწიფო უნივერსიტეტის მთავარი ბიბლიოთეკა წიგნსაცავი 2026-02-27 15.00 336.71(520) A-46 73850 2026-02-27 73850 იაპონიის ელჩის საჩუქარი 2026-02-27 წიგნი 15 ლ.